000 01029njm a22002417a 4500
005 20100901115333.0
006 a|||||r|||||00| 0
007 sd ammalaaahaa
008 100901t xxu||||| |||| 00| 0 eng d
028 _aP 10739
_bHis Master's Voice
035 _aGR-323
040 _aSED
_cSED
100 _aKerkar, Surshree Kesarbai
_917891
245 _aSainyan bhyla jogi :
_bchaiti /
_cby Surshree Kesarbai Kerkar
_h[Sound recording]
246 _aसैंयाँ भागला जोगी / सुरश्री केसरबाई केरकर
260 _aDUM DUM, India
_bHis Master's Voice
300 _a1 Sound disc [Gramophone Recording] :
_banalog, 33 1/3 rpm
_c9.5 in. (MP)
_fGramophone Record
500 _aBrief record
505 _aSide-2 मै कै-सुर्गाई ( May kai-Surgaai ) (Surshree Kesarbai Kerkar )
650 _aClassical music
_xExcerpts
_zIndia
_917892
942 _2ddc
_cGR
999 _c43462
_d43462